1925 1338 1725 1322 1725 1520 1096 1293 1973 1405 1578 1901 1765 1642 1073 1883 1497 1681 1072 1148 1078 1768 1269 1224 1052 1624 1308 1278 1431 1209 1946 1503 1314 1664 1186 1183 1481 1439 1012 1992 1291 1696 1139 1672 1893 1075 1975 1280 1763 1675 1757 1214 1810 1988 1316 1887 1594 1207 1556 1303 1761 1286 1959 1023 1511 1671 1557 1505 1539 1188 1470 1463 1658 1797 1549 1662 1480 1046 1515 1160 1769 1293 1717 1692 1290 1110 1956 1825 1242 1828 1723 1102 1438 1642 1219 1979 1633 1313 1069 BCNSPRNW ULIB Ver.6.0+V

เปลี่ยนเป็นภาษาไทย

Change to English
 แสดงรายละเอียดบรรณานุกรม
  กลับหน้าหลัก

Brief Record : Get Marc (ISO 2709) : E-mail record : QR code < ปิดหน้าต่าง
LEADER : 00000nam 2200000uu 4500
001    13399114842
003     ULIB
008    110627s2555||||th 000 0 tha d
090    นว.^bว918G
100 0  เวสต์ แคลร์
245 00 พลิกปมสังหารประธานาธิบดี/^cเวสต์ แคลร์
250    พิมพ์ครั้งที่ 1
260    กรุงเทพฯ :^bซีเอ็ดยูเคชั่น,^c2555-
300     หน้า
945    ^p0^l0^i028462
995    ทศพร
999 ^a ใช้งานได้ทุกระบบ
รายการนี้ยังไม่มีแท็ก
คุณยังไม่ได้ล็อกอิน คุณสามารถมีกิจกรรมร่วมกับเว็บไซต์ได้ แต่ต้องล็อกอินก่อน ::
  ล็อกอิน

รายการสื่อสารสนเทศ

ลำดับที่ ประเภท เลขเรียก/บาร์โค้ด สถานที่ สถานะ
1. นวนิยาย
นวนิยาย
นว. ว918G ฉ.1 
  Barcode: 028462
ห้องสมุดวิทยาเขตสวรรค์ประชารักษ์
►นวนิยาย
บนชั้น
  ขอยืม

รายการใกล้เคียง
    ผู้แต่ง [เวสต์ แคลร์]

BibComment


ยังไม่เคยถูกคอมเมนท์

คอมเมนท์ทรัพยากรรายการนี้
  คอมเมนท์: พลิกปมสังหารประธา..


 Copyright 2026. Bcnsprnw @Library